| 000 | 00830nas a2200289 4500 | ||
|---|---|---|---|
| 001 | BR9705054 | ||
| 003 | BR-BrBNA | ||
| 005 | 20231205100607.0 | ||
| 007 | ta | ||
| 008 | 230509b bl.|||p| |||| 00| 00por d | ||
| 040 |
_aBR-BrBNA _bpor _cBiblioteca Nacional de Agricultura |
||
| 041 | _a(Pt) | ||
| 072 | _aH20 | ||
| 100 | 1 | _aCarvalho, S.A. | |
| 100 | 1 | _aMachado, M.A. | |
| 100 | 1 | _aBaptista, C.R. | |
| 100 | 1 | _aMuller, G.W. | |
| 100 | 1 | _aSilverio, J.L. | |
| 245 | 1 | _aCaracterizacao biologica de isolados do virus da tristeza dos citros | |
| 650 | _aLimao | ||
| 650 | _aTristeza Citrica | ||
| 650 | _aElisa | ||
| 650 | _aAnalise Fisica | ||
| 773 | 0 |
_tFitopatologia Brasileira (Brazil) _xISSN 0100-4158 _g(Mar 1997), v. 22(1) p. 79-84 _wBR9705054 |
|
| 909 |
_a202311 _bLúcia _c55 _dLúcia Elande |
||
| 942 |
_2AGRIS _n0 _cANA |
||
| 999 |
_c156894 _d156894 |
||